Děti ve středu zájmu marketérů

Výsledky výskumu, ktorého cieľom bolo zistiť postoj detí ku značkám a priniesť základné informácie o ich mediálnom správaní. Deti a nákupy - samostatne, alebo z rodičmi. Deti a peniaze - čo si kupujú z vreckového. Deti, značky a reklama.

Salvato in:
Dettagli Bibliografici
Autore principale: Šilerová, Lenka
Natura: Capitolo di libro
Lingua:ceco
Soggetti:
Tags: Aggiungi Tag
Nessun Tag, puoi essere il primo ad aggiungerne!!

MARC

LEADER 00000naa$a2200000$$$4500
001 0088209
005 20231018131205.6
041 0 |a cze 
044 |a CZ 
245 1 0 |a Děti ve středu zájmu marketérů  |c Lenka Šilerová 
520 |a Výsledky výskumu, ktorého cieľom bolo zistiť postoj detí ku značkám a priniesť základné informácie o ich mediálnom správaní. Deti a nákupy - samostatne, alebo z rodičmi. Deti a peniaze - čo si kupujú z vreckového. Deti, značky a reklama. 
610 2 0 |a marketing 
610 2 0 |a výskum štatistický 
610 2 0 |a deti 
610 2 0 |a nákup 
610 2 0 |a značky výrobkov 
610 2 0 |a reklama 
610 2 0 |a peniaze 
610 2 0 |a Česko 
100 1 |a Šilerová, Lenka